Statistics for Sgt. Pepper's Lonely Hearts Club Band Tracklist (The Beatles)

Click here to take the quiz!

General Stats

  • This quiz has been taken 25 times
  • The average score is 10 of 12

Answer Stats

HintAnswer% Correct
1Sgt. Pepper's Lonely Hearts Club Band
100%
2With A Little Help From My Friends
95%
12A Day In The Life
90%
5Fixing A Hole
86%
4Getting Better
86%
11Good Morning Good Morning
86%
3Lucy In The Sky With Diamonds
86%
7Being For The Benefit Of Mr. Kite!
81%
10Lovely Rita
81%
6She's Leaving Home
81%
8Within You Without You
81%
9When I'm Sixty Four
76%

Score Distribution

Percentile by Number Answered

Percent of People with Each Score

Your Score History

You have not taken this quiz